Mestský úrad a Pavilón umenia na námestí sv. Ignáca v Leopoldove
Salvato in:
| Autore principale: | |
|---|---|
| Altri autori: | |
| Natura: | Manoscritto Libro |
| Lingua: | slovacco |
| Pubblicazione: |
2015
|
| Soggetti: | |
| Accesso online: | http://is.stuba.sk/zp/portal_zp.pl?podrobnosti=109743 https://opac.crzp.sk/?fn=detailBiblioForm&sid=78283B71680DBAF21B47D71D22D4 |
| Tags: |
Nessun Tag, puoi essere il primo ad aggiungerne!!
|
MARC
| LEADER | 00000ntm a22000003a 4500 | ||
|---|---|---|---|
| 001 | stuzp50195 | ||
| 003 | SK-STU | ||
| 005 | 20231113143559.4 | ||
| 007 | ta | ||
| 008 | 150427s2015----xo-----f-mn---000-0-slo-d | ||
| 040 | |a STU |b slo | ||
| 041 | 0 | |a slo | |
| 100 | 1 | |a Szilvássy, Richard |u 010310 |4 aut |U SvF Stavebná fakulta |T SvF Katedra architektúry |X 59363 |U V181|V310 |Y 19 |7 A000059363 | |
| 242 | 0 | 1 | |a Town Hall and the Pavilion of Art at st. Ignac Square in Leopoldov |y eng |
| 245 | 1 | 0 | |a Mestský úrad a Pavilón umenia na námestí sv. Ignáca v Leopoldove |
| 260 | |c 2015 | ||
| 650 | 4 | |a spoločnosť |2 slo | |
| 650 | 4 | |a administratíva |2 slo | |
| 650 | 4 | |a transparentnosť |2 slo | |
| 650 | 4 | |a kultúra |2 slo | |
| 650 | 4 | |a society |2 eng | |
| 650 | 4 | |a community |2 eng | |
| 650 | 4 | |a administration |2 eng | |
| 650 | 4 | |a transparency |2 eng | |
| 650 | 4 | |a culture |2 eng | |
| 700 | 1 | |a Gürtler, Ivan |4 ths | |
| 856 | 4 | |u http://is.stuba.sk/zp/portal_zp.pl?podrobnosti=109743 | |
| 856 | 4 | |u https://opac.crzp.sk/?fn=detailBiblioForm&sid=78283B71680DBAF21B47D71D22D4 | |
| SQL | |a stuzp50195 |b DDP |c SLO |d Mestský úrad a Pavilón umenia na námestí sv. Ignáca v Leopoldove |e 59363 |f Szilvássy, Richard |g 010310 |h 430 |i Gürtler, Ivan |j 20150617 |k 19 |l 01 |m http://is.stuba.sk/zp/portal_zp.pl?podrobnosti=109743 |n I-PSA |o 5.1.4. pozemné stavby, 5.1.1. architektúra a urbanizmus | ||